000 00645nam a2200217 a 4500
001 4408245
005 20240229023629.0
008 921023s1992 ne b 000 0 eng
020 _a9053830804
040 _aDLC
_cDLC
082 0 0 _a322.1.
_220
_bFAI.
245 0 0 _aFaith and polity :
_bessays on religion and politics /
_ceditors, Mart Bax, Peter Kloos, Adrianus Koster.
260 _aAmsterdam :
_bVU University Press,
_c1992.
300 _axiii, 252 p. ;
650 0 _aReligion and state.
650 0 _aReligion and politics.
700 1 _aBax, Mart.
_eedt
700 1 _aKloos, Peter.
_eedt
700 1 _aKoster, Adrianus,
_eedt
942 _cL
999 _c516
_d516